Η βιωματική εμπειρία της κατασκευής ξυλόγλυπτων και κεραμικών έργων από ντόπιους τεχνίτες στην Αγιάσο της Λέσβου : μεταπτυχιακή διατριβή

Αποθηκεύτηκε σε:
Λεπτομέρειες βιβλιογραφικής εγγραφής
Κύριος συγγραφέας: Καζαμία, Σοφία
Συγγραφή απο Οργανισμό/Αρχή: Πανεπιστήμιο Αιγαίου. Σχολή Κοινωνικών Επιστημών. Τμήμα Κοινωνικής Ανθρωπολογίας και Ιστορίας. Πρόγραμμα Μεταπτυχιακών Σπουδών Κοινωνική και Ιστορική Ανθρωπολογία
Μορφή: Thesis Βιβλίο
Γλώσσα:Greek
Δημοσίευση: 2006.
Θέματα:
Ετικέτες: Προσθήκη ετικέτας
Δεν υπάρχουν, Καταχωρήστε ετικέτα πρώτοι!

MARC

LEADER 00000cam a2200000 i 4500
001 1/27608
008 060404s2006 gr | ||| |||| ||gre||
035 |l 10083444 
040 |a GR-MyUa  |b gre  |e AACR2 
041 0 |a gre 
082 7 |a 700.92   |2 (22) 
100 1 |a Καζαμία, Σοφία. 
245 1 2 |a Η βιωματική εμπειρία της κατασκευής ξυλόγλυπτων και κεραμικών έργων από ντόπιους τεχνίτες στην Αγιάσο της Λέσβου :   |b μεταπτυχιακή διατριβή /   |c Καζαμία Σοφία ; υπεύθυνος καθηγητής Παραδέλης Θεόδωρος. 
260 |c 2006. 
300 |a 69 σ. :   |b πιν., εγχρ. φωτ. ;   |c 30 εκ. 
502 |a Διατριβή (μεταπτυχιακή) – Πανεπιστήμιο Αιγαίου, Λέσβος, 2006. 
504 |a Βιβλιογραφία: σ. 60-61. 
650 0 |a Pottery  |z Greece  |z Hagiasos. 
650 0 |a Artists  |z Greece  |z Hagiasos. 
650 0 |a Artists  |x Interviews. 
650 0 |a Dissertations, Academic  |z Greece. 
650 0 |a Wood sculpture  |z Greece  |z Hagiasos. 
700 1 |a Παραδέλλης, Θεόδωρος,  |e dgs 
710 2 |a Πανεπιστήμιο Αιγαίου.   |b Σχολή Κοινωνικών Επιστημών.   |b Τμήμα Κοινωνικής Ανθρωπολογίας και Ιστορίας.   |b Πρόγραμμα Μεταπτυχιακών Σπουδών Κοινωνική και Ιστορική Ανθρωπολογία. 
852 |a INST  |b LESVOS  |c DIATR  |e 20060404  |h 61  |p 005100035836  |q 005100035836  |t MTXE  |y 23 
852 |a INST  |b LESVOS  |c DIATR  |e 20060404  |h 62  |p 005100035392  |q 005100035392  |t MTXE  |y 23 
901 |a BIBL1-2006-1 
924 |a Καζαμία  |b Σοφία  |y Λέσβος  |z 2006-03 
970 |a ΜΑΡΙΝΑΤΟΥ  |b ΜΥΡΣΙΝΗ  |z 2006/04/04